It looks like you're offline.
Open Library logo
additional options menu

MARC record from Internet Archive

LEADER: 00741cam a22002170 4500
001 2592624
008 700701s1905 ||| fle x
035 $a(Sirsi) ABX-5507
040 $aOTU$bENG
050 4 $aND673 J67$bB88
090 8 $aND 673 .J67B88$bROBA$c1
100 10 $aBuschmann, Paul,$d1877-1924
245 10 $aJacob Jordaens /$ceene studie door P. Buschmann jr., naar aanleiding van de tentoonstelling zijner werken ingericht te Antwerpen in MCMV.
260 0 $aBrussel$bG. van Oest$c1905
300 $a140p.
596 $a13 26
600 10 $aJordaens Jakob,$d1593-1678
948 $a07/14/1992$b08/24/1999
039 $f//mts
926 $aFINE_ART$bLIBRARYUSE$cND673 .J67 B88 1905$dBOOK$f1
926 $aROBARTS$bSTACKS$cND673 .J67 B88$dBOOK$f1